<?xml version="1.0" encoding="UTF-8"?>
<collection xmlns="http://www.loc.gov/MARC21/slim">
 <record>
  <leader>01013nam a2200253 a 4500</leader>
  <controlfield tag="001">12742418</controlfield>
  <controlfield tag="008">101011m20082002njua     b    001 0 eng d</controlfield>
  <datafield tag="010" ind1=" " ind2=" ">
   <subfield code="a">  2002279844</subfield>
  </datafield>
  <datafield tag="020" ind1=" " ind2=" ">
   <subfield code="a">9788131714409</subfield>
  </datafield>
  <datafield tag="020" ind1=" " ind2=" ">
   <subfield code="a">013089592X</subfield>
  </datafield>
  <datafield tag="040" ind1=" " ind2=" ">
   <subfield code="a">DLC</subfield>
   <subfield code="c">DLC</subfield>
   <subfield code="d">DLC</subfield>
   <subfield code="d">BD-DhAAL </subfield>
  </datafield>
  <datafield tag="082" ind1="0" ind2="0">
   <subfield code="a">005.13/3</subfield>
   <subfield code="2">21</subfield>
  </datafield>
  <datafield tag="100" ind1="1" ind2=" ">
   <subfield code="a">Harbison, Samuel P.</subfield>
  </datafield>
  <datafield tag="245" ind1="1" ind2="0">
   <subfield code="a">C, a reference manual /</subfield>
   <subfield code="c">Samuel P. Harbison, III, Guy L. Steele, Jr.</subfield>
  </datafield>
  <datafield tag="250" ind1=" " ind2=" ">
   <subfield code="a">5th ed.</subfield>
  </datafield>
  <datafield tag="260" ind1=" " ind2=" ">
   <subfield code="a">Upper Saddle River, N.J. :</subfield>
   <subfield code="b">Prentice-Hall ;</subfield>
   <subfield code="a">New Delhi ;</subfield>
   <subfield code="a">Pearson Education,</subfield>
   <subfield code="c">c2002[impression 2008].</subfield>
  </datafield>
  <datafield tag="300" ind1=" " ind2=" ">
   <subfield code="a">xviii, 533 p. :</subfield>
   <subfield code="b">ill. ;</subfield>
   <subfield code="c">24 cm.</subfield>
  </datafield>
  <datafield tag="504" ind1=" " ind2=" ">
   <subfield code="a">Includes bibliographical references and index.</subfield>
  </datafield>
  <datafield tag="541" ind1="1" ind2=" ">
   <subfield code="e">00021175</subfield>
  </datafield>
  <datafield tag="650" ind1=" " ind2="0">
   <subfield code="a">C (Computer program language)</subfield>
  </datafield>
  <datafield tag="700" ind1="1" ind2=" ">
   <subfield code="a">Steele, Guy L.,</subfield>
   <subfield code="d">1954-</subfield>
  </datafield>
  <datafield tag="852" ind1="4" ind2=" ">
   <subfield code="a">Ayesha Abed Library </subfield>
   <subfield code="j">General Shelf.</subfield>
  </datafield>
  <datafield tag="999" ind1=" " ind2=" ">
   <subfield code="c">9727</subfield>
   <subfield code="d">9727</subfield>
  </datafield>
  <datafield tag="952" ind1=" " ind2=" ">
   <subfield code="0">0</subfield>
   <subfield code="1">0</subfield>
   <subfield code="2">ddc</subfield>
   <subfield code="4">0</subfield>
   <subfield code="6">005_133000000000000_HAR</subfield>
   <subfield code="7">0</subfield>
   <subfield code="9">12387</subfield>
   <subfield code="a">BRACUL</subfield>
   <subfield code="b">BRACUL</subfield>
   <subfield code="c">GEN</subfield>
   <subfield code="d">2010-10-11</subfield>
   <subfield code="l">2</subfield>
   <subfield code="m">11</subfield>
   <subfield code="o">005.133 HAR</subfield>
   <subfield code="p">3010021175</subfield>
   <subfield code="r">2025-04-20</subfield>
   <subfield code="s">2024-10-30</subfield>
   <subfield code="t">1</subfield>
   <subfield code="w">2010-10-11</subfield>
   <subfield code="y">BK</subfield>
   <subfield code="x">Koha Inventory 2020</subfield>
  </datafield>
 </record>
</collection>
